MDQL
is popping MORE tags! Check the
thread
!
Quizzes
Events
Quiz Creation
Community
Videos
Private Events
Remove Ads
Sign In
Join for FREE
Feedback
Dark Mode
Quiz Categories
Sports
Geography
Music
Movies
Television
Just For Fun
Miscellaneous
History
Literature
Language
Science
Gaming
Entertainment
Religion
Holiday
For Kids
Quiz Lab
Recent
Popular Today
Quiz Kudos Today
Editor Picks
Curator Picks
Quizzes by...
Day
Popularity
Type
Ratings
Length
Year
Community
Subscriptions
Recent Discussions
Orange Saloon
Badges
Playlists
Quests
Create
Leaderboards
Showdown
Live 5
Trivia Bingo
Activity
Puzzle Library
Sporcle Events
Private Events
Virtual Trivia
Globe League
Become a Host
Pub Owners
SporcleCon
Opinionation
Our Games
Videos
Blog
Mobile Apps
Partnerships
Remove Ads and Go Orange
Feedback
Sports
Athletes
MLB
NBA
NHL
NFL
Soccer
Sports Teams
WWE
NCAA
Football
Premier League
Basketball
Baseball
Hockey
Golf
Tennis
Cricket
Rugby
Auto Racing
Olympics
World Cup
Sports
Athletes
MLB
NBA
NHL
NFL
Soccer
Sports Teams
WWE
NCAA
Football
Premier League
Basketball
Baseball
Hockey
Golf
Tennis
Cricket
Rugby
Auto Racing
Olympics
World Cup
Random Quiz
Search Sporcle
×
Quiz Lab
Quiz Lab
Sports
Seattle
Type in answers that appear in a list
Type in answers that appear in a list
Classic
Best Score? Go Orange.
Texas HR leaders vs the Seattle Mariners Stats
Can you name the Rangers who have hit the most HR vs the Seattle Mariners?
By
Andrew_Rice
13m
25 Questions
601 Plays
601 Plays
601 Plays
Comments
Comments
Give Quiz Kudos
Give Quiz Kudos
-
- Ratings
hide this ad
Replay
Link that replays current quiz
Next Quiz
Link to next quiz in quiz playlist
You Got
0%
They Got
Avg Score
38%
Avg Friend Score
Upgrade to see
Score Distribution
Jump to the score distribution portion of the page
Score
0/25
Timer
13:00
0
Plays Today
Year(s)
Player
% Correct
2011-
2016
Adrian Beltre
95.7%
1991-
2009
Ivan Rodriguez
82%
2001-
2003
Alex Rodriguez
81.7%
2008-
2015
Josh Hamilton
69.2%
1989-
2003
Juan Gonzalez
63.7%
1989-
2003
Rafael Palmeiro
58.7%
2009-
2016
Elvis Andrus
57.4%
2006-
2013
Nelson Cruz
55.1%
2010-
2016
Mitch Moreland
53.4%
2001-
2012
Michael Young
53.1%
2006-
2013
Ian Kinsler
49.8%
2014-
2016
Rougned Odor
45.4%
2003-
2007
Mark Teixeira
35.1%
Year(s)
Player
% Correct
2002-
2009
Hank Blalock
27.8%
1989-
1997
Dean Palmer
26.3%
1986-
2003
Ruben Sierra
25.3%
2007-
2013
David Murphy
16.1%
1982-
1988
Pete O'Brien
11.1%
2004-
2006
Gary Matthews
11.1%
2002-
2006
Kevin Mench
11%
1982-
1988
Larry Parrish
7.3%
2003-
2006
Laynce Nix
6.8%
1985-
1991
Steve Buechele
5.5%
1996-
1999
Lee Stevens
4.5%
2004-
2005
David Dellucci
3.5%
Quiz Playlist
Details
Report
Send in Message
Add To Playlist
Classic:
Type in answers that appear in a list
Last Updated: Feb 16, 2017
Quiz Scoreboard
CHALLENGE
Sign Up to Join the Scoreboard
Show All
Scores
Hide
Comments
May contain spoilers
Recently Published
Image Sorting: Flags VI
by Barbecue
Geography
2m
Find the 'City' Movie
by crazypaving
Movies
60s
Colored Red Africa Blitz
by spor1
Geography
45s
More to Explore
Quiz From the Vault
Featured Blog Post
14 Easter Pick-up Lines to Find Eggs With
hide this ad
You Might Also Like...
Tags
hit
Leader
Player
Ranger
Seattle
Seattle Mariners
tea
Today's Top Quizzes in Sports
Browse Sports
hide this ad
Today's Top Quizzes in Seattle
Browse Seattle
Top Contributed Quizzes in Sports
1
Les meilleurs buteurs des matchs entre le PSG et l’OM
2
Les entraîneurs de l'OM et du PSG au 21e siècle
3
Les joueurs passés par le PSG et l'OM
4
2022 World Cup Stars
5
Players with Multiple 50 Home Run Seasons
6
Criteria MLB: Left Handed Sluggers
7
Les joueurs passés par le LOSC et le RC Lens
8
NBA Logic Puzzle 2.0
9
MLB Players with Two .350 Batting Average Seasons
10
FIFA Club World Cup Champions
Explore More
Trending Topics
Harry Potter
Disney
NBA
Crossword
Anime
Kpop
Marvel
Song
The Office
Pokémon
WWE
Puzzle
NFL
Country
Soccer
hide this ad
More By:
Andrew_Rice
Quiz
Plays
Rating
Category
Featured
Created
Do you know your 2016 Mariners?
3,093
3.50
Sports
Dec 14, 2015
The metropolitan populations of cities with MLB teams
2,116
4.14
Sports
Feb 2, 2017
Seattle Mariners: Most games at each position
1,913
4.67
Sports
Feb 18, 2016
Mariners who hit a home run in 2015
1,831
1.60
Sports
Jan 21, 2016
M's players with a single-season OBP ≥0.340
1,730
3.00
Sports
Dec 17, 2015
Go to Creator's Profile
Score Distribution
Quiz Creator Spotlight
Andrew_Rice
Follow
Send a Message
Quizzes Created
-
Created Quiz Play Count
-
More By This Creator
Popular Quizzes Today
1
Colored Red Africa Blitz
2
Find the US States - No Outlines Minefield
3
Find the 'City' Movie
4
5x2 Blitz: Bands
5
The Countries of the World
6
Find the US States
7
Find the Countries of Europe - No Outlines Minefield
8
US States
More Sports Quizzes
Countries of WWE Champions
Quiz Lab
Trending Quizzes
Colored Red Europe Blitz I
Colored Red Europe Blitz II
Colored Red Africa Blitz II
Colored Red Europe Blitz III
Colored Red Africa Blitz III
Recently Updated
How Do You Spell That?
pecheneg
Godzilla Movies
pecheneg
Grab Bag: 4-10 Letters
pecheneg
2024 March Madness Bracket
pecheneg
Famous TV Couples
Peacemaker
Champions League XIs: Real Madrid
pecheneg
Largest US Cities 1790-2010
pecheneg
Rides in Walt Disney World
pecheneg
Most Oscar Losses (Acting)
pecheneg
Beyoncé Albums
pecheneg
Trending Topics
NBA
Anime
Marvel
Harry Potter
Disney
Kpop
Crossword
WWE
Puzzle
Soccer
The Office
Pokémon
NFL
Song
Country
Your Account Isn't Verified!
In order to create a playlist on Sporcle, you need to verify the email address you used during registration. Go to your
Sporcle Settings
to finish the process.
Report this User
Report this user for behavior that violates our
Community Guidelines
.
Details:
Send Report
Go to the Sporcle.com Mobile Site →
Comments